000 00247nam a2200097Ia 4500
001 689986
005 20250826161807.0
008 250824s9999 xx 000 0 und d
245 0 _aBENİM ADIM MAYIS/B.UZUNER/EVEREST
_cBUKET UZUNER
260 _bEVEREST
999 _c689986
_d689986